Penzión s agrofarmou

Saved in:
Bibliographic Details
Main Author: Žilka, Ján (Author)
Other Authors: Kubišová, Margita (Thesis advisor)
Format: Manuscript Book
Language:Slovak
Published: 2015
Subjects:
Online Access:http://is.stuba.sk/zp/portal_zp.pl?podrobnosti=91499
https://opac.crzp.sk/?fn=detailBiblioForm&sid=FF44C990A7CA883E4E8C5B929FD7
Tags: Add Tag
No Tags, Be the first to tag this record!

MARC

LEADER 00000ntm a22000003a 4500
001 stuzp50051
003 SK-STU
005 20231115112641.2
007 ta
008 150427s2015----xo-----f-mn---000-0-slo-d
040 |a STU  |b slo 
041 0 |a slo 
100 1 |a Žilka, Ján  |u 010310  |4 aut  |U SvF Stavebná fakulta  |T SvF Katedra architektúry  |X 42286  |U V181|V310  |Y 19  |7 42286 
242 0 1 |a Pension with agrofarm  |y eng 
245 1 0 |a Penzión s agrofarmou 
260 |c 2015 
650 4 |a drevostavba  |2 slo 
650 4 |a lazy  |2 slo 
650 4 |a výhľady  |2 slo 
650 4 |a agroturistika  |2 slo 
650 4 |a countryside  |2 eng 
650 4 |a views  |2 eng 
650 4 |a agroturism  |2 eng 
650 4 |a wooden houses  |2 eng 
700 1 |a Kubišová, Margita  |4 ths  |X 825  |7 A000000825 
856 4 |u http://is.stuba.sk/zp/portal_zp.pl?podrobnosti=91499 
856 4 |u https://opac.crzp.sk/?fn=detailBiblioForm&sid=FF44C990A7CA883E4E8C5B929FD7 
SQL |a stuzp50051  |b DBP  |c SLO  |d Penzión s agrofarmou  |e 42286  |f Žilka, Ján  |g 010310  |h 825  |i Kubišová, Margita  |j 20150622  |k 4  |l 01  |m http://is.stuba.sk/zp/portal_zp.pl?podrobnosti=91499  |n B-PSA  |o 5.1.4. pozemné stavby, 5.1.1. architektúra a urbanizmus